[Event "Skakligaen 2024-25"]
[Site "Denmark"]
[Date "2025.03.02"]
[Round "7.4"]
[White "Percivaldi, Martin"]
[Black "Jorgensen, Brian Jorgen"]
[Result "1/2-1/2"]
[WhiteElo "2375"]
[BlackElo "2180"]
[EventDate "2024.11.02"]
[EventType "team-tourn"]
[EventRounds "9"]
[EventCountry "DEN"]
[SourceTitle "Live v Hillerod Skakklub"]
[WhiteTeam "Hillerod"]
[BlackTeam "Obro"]
[WhiteTeamCountry "DEN"]
[BlackTeamCountry "DEN"]

1. d4 Nf6 2. c4 e6 3. g3 d5 4. Bg2 c6 5. Nf3 Be7 6. O-O O-O 7. Qc2 b6 8. Nbd2 Bb7 9. e4 Na6 10. a3 c5 11. exd5 exd5 12. Rd1 Rc8 13. b3 Qc7 14. Bb2 dxc4 15. Qxc4 cxd4 16. Qxc7 Nxc7 17. Nxd4 Bxg2 18. Kxg2 Ncd5 19. Nf5 Rfe8 20. Nc4 Rc5 21. Nxe7+ Rxe7 22. a4 Rc8 23. Rd2 Rd7 24. Rad1 Rcd8 25. Kf3 Nb4 26. Bxf6 Rxd2 27. Rxd2 Rxd2 28. Nxd2 gxf6 29. Ne4 Nc6 30. Ke3 Kg7 31. g4 Na5 32. Nd2 f5 33. gxf5 a6 34. Kf4 Kf6 35. Nc4 Nxb3 36. Nxb6 Nc5 37. Nd5+ Kg7 38. Nc3 h6 39. f3 a5 40. h3 Nb3 41. Ne4 Nd4 42. h4 h5 43. Ng3 Nb3 44. Nxh5+ Kh6 45. Nf6 Nc5 46. Ng4+ Kh5 47. Ne5 Nxa4 48. Nc4 Kxh4 49. Nxa5 f6 50. Nc4 Nc5 51. Nd2 Kh5 52. Ne4 Nd7 53. Ke3 Kh6 54. Kd4 Kg7 55. f4 Kf7 56. Kd5 Nb6+ 57. Kc5 Na4+ 58. Kd6 Nb2 59. Kd7 Nd3 60. Nd6 Kg7 61. Ke7 Nxf4 62. Ne8 Kh6 63. Kxf6 Nh5+ 64. Ke5 Kg5 65. Nc7 Kh6 66. Nd5 Kg7 67. Nc7 Kf7 68. Ne6 Nf6 69. Nd8+ Ke7 70. Nc6+ Kf7 71. Kf4 Nd5+ 72. Kg5 Kg7 73. Nd4 Kf7 74. Ne6 Nf6 75. Nd8+ 1/2-1/2

[Event "Skakligaen 2024-25"]
[Site "Denmark"]
[Date "2025.03.02"]
[Round "7.5"]
[White "Laursen, Niels Norskov"]
[Black "Borge, Nikolaj"]
[Result "0-1"]
[WhiteElo "2179"]
[BlackElo "2362"]
[EventDate "2024.11.02"]
[EventType "team-tourn"]
[EventRounds "9"]
[EventCountry "DEN"]
[SourceTitle "Live v Hillerod Skakklub"]
[WhiteTeam "Obro"]
[BlackTeam "Hillerod"]
[WhiteTeamCountry "DEN"]
[BlackTeamCountry "DEN"]

1. e4 c5 2. Nf3 d6 3. d4 cxd4 4. Nxd4 Nf6 5. Nc3 g6 6. Be3 Bg7 7. f3 Nc6 8. Qd2 O-O 9. O-O-O Be6 10. Nxe6 fxe6 11. Be2 Rc8 12. f4 b5 13. Bxb5 Qa5 14. Bc4 Nd8 15. Bb3 Ng4 16. e5 dxe5 17. fxe5 Bxe5 18. Ne4 Qb5 19. Kb1 a5 20. a4 Qc6 21. Qd3 Nf7 22. Bc1 Nf6 23. Ng5 Nxg5 24. Bxg5 Ne4 25. Be3 Rfd8 26. Qxd8+ Rxd8 27. Rxd8+ Kg7 28. Rhd1 Bxb2 29. Bd4+ Bxd4 30. R1xd4 Nd6 31. Rf4 Qxg2 32. Rd7 Nf5 33. h4 e5 0-1

[Event "Skakligaen 2024-25"]
[Site "Denmark"]
[Date "2025.03.02"]
[Round "7.6"]
[White "Ostergaard, Jens"]
[Black "Simonsen, Carsten"]
[Result "1/2-1/2"]
[WhiteElo "2272"]
[BlackElo "2202"]
[EventDate "2024.11.02"]
[EventType "team-tourn"]
[EventRounds "9"]
[EventCountry "DEN"]
[SourceTitle "Live v Hillerod Skakklub"]
[WhiteTeam "Hillerod"]
[BlackTeam "Obro"]
[WhiteTeamCountry "DEN"]
[BlackTeamCountry "DEN"]

1. d4 Nf6 2. Nf3 g6 3. c4 Bg7 4. Nc3 d5 5. cxd5 Nxd5 6. e4 Nxc3 7. bxc3 c5 8. Be3 Qa5 9. Qd2 O-O 10. Rb1 a6 11. Rc1 Bg4 12. Be2 b5 13. h3 Bxf3 14. Bxf3 Nd7 15. d5 b4 16. cxb4 cxb4 17. O-O Bc3 18. Qc2 Ne5 19. Be2 Rfc8 20. Qb3 Qc7 21. Bd4 a5 22. Bxc3 bxc3 23. f4 Rab8 24. Qa3 Nd7 25. Bg4 Rb4 26. Bxd7 Qxd7 27. Rxc3 Rxc3 28. Qxc3 Qa7+ 29. Kh1 Rxe4 30. f5 Qa6 31. Rb1 Rb4 32. Rxb4 axb4 33. Qxb4 Qxa2 34. Qb8+ Kg7 35. Qe5+ Kg8 36. Qb8+ Kg7 37. Qe5+ Kg8 38. f6 exf6 39. Qe8+ Kg7 40. d6 Qa6 41. d7 Qf1+ 42. Kh2 Qf4+ 43. Kg1 Qc1+ 44. Kf2 Qd2+ 45. Kg1 Qc1+ 46. Kf2 1/2-1/2

[Event "Skakligaen 2024-25"]
[Site "Denmark"]
[Date "2025.03.02"]
[Round "7.7"]
[White "Gjesme, Marius Enevold"]
[Black "Jaksland, Tim"]
[Result "1/2-1/2"]
[WhiteElo "2154"]
[BlackElo "2140"]
[EventDate "2024.11.02"]
[EventType "team-tourn"]
[EventRounds "9"]
[EventCountry "DEN"]
[SourceTitle "Live v Hillerod Skakklub"]
[WhiteTeam "Obro"]
[BlackTeam "Hillerod"]
[WhiteTeamCountry "DEN"]
[BlackTeamCountry "DEN"]

1. e4 e5 2. Nf3 Nc6 3. Bb5 a6 4. Ba4 Nf6 5. O-O d6 6. c3 Bd7 7. Re1 g6 8. d4 Bg7 9. dxe5 Nxe5 10. Nxe5 dxe5 11. Bb3 O-O 12. Na3 Re8 13. f3 Be6 14. Nc4 Nd7 15. Be3 Bf8 16. Qe2 Nc5 17. Bc2 f6 18. b4 Nd7 19. Bf2 Qe7 20. Red1 Bh6 21. Na5 Rab8 22. Bb3 Qf7 23. Bxe6 Qxe6 24. Qc4 Qxc4 25. Nxc4 Nf8 26. Na5 Kf7 27. Rd3 Ne6 28. Rad1 Red8 29. Ba7 Rxd3 30. Rxd3 Rd8 31. Rxd8 Nxd8 32. Bb8 Be3+ 33. Kf1 Bb6 34. Nc4 Nc6 35. Nxb6 cxb6 36. Bc7 b5 37. Ke2 Ke6 38. Kd3 Kd7 39. Bb6 Ke6 40. Bc7 Kd7 41. Bb6 Ke6 42. Bc7 1/2-1/2

[Event "Skakligaen 2024-25"]
[Site "Denmark"]
[Date "2025.03.02"]
[Round "7.8"]
[White "Pedersen, Jan Nordenbaek"]
[Black "Durrfeld, Sofie Bech"]
[Result "1-0"]
[WhiteElo "2181"]
[BlackElo "1963"]
[EventDate "2024.11.02"]
[EventType "team-tourn"]
[EventRounds "9"]
[EventCountry "DEN"]
[SourceTitle "Live v Hillerod Skakklub"]
[WhiteTeam "Hillerod"]
[BlackTeam "Obro"]
[WhiteTeamCountry "DEN"]
[BlackTeamCountry "DEN"]

1. e4 c5 2. Nf3 g6 3. d4 cxd4 4. Nxd4 Bg7 5. c4 Nc6 6. Nc2 Nf6 7. Nc3 d6 8. Be2 Be6 9. O-O Na5 10. b3 Rc8 11. f3 O-O 12. Kh1 a6 13. Bd2 h5 14. Qe1 Nc6 15. Rc1 Nd7 16. f4 f5 17. exf5 Bxf5 18. Ne3 Nd4 19. Nxf5 Nxf5 20. Ne4 Qb6 21. Ng5 Bf6 22. Bf3 Bxg5 23. Qe6+ Kh7 24. Qxd7 Rc7 25. Qe6 Nd4 26. Qe4 Nxf3 27. Rxf3 Bf6 28. Rg3 Rg8 29. Rh3 Qd4 30. Rxh5+ Kg7 31. Qxd4 Bxd4 32. Rd5 Ba7 33. a4 Kf7 34. g3 Rc6 35. f5 gxf5 36. Rxf5+ Ke8 37. Kg2 e6 38. Re1 Rg6 39. h4 Rc5 40. Rxc5 Bxc5 41. Bg5 Kf7 42. Rf1+ Kg7 43. Kf3 Bd4 44. Ke4 Be5 45. Rf3 Kg8 46. c5 Rg7 47. Rd3 Rd7 48. cxd6 Rxd6 49. Rxd6 Bxd6 50. Bf4 Be7 51. h5 Kg7 52. Ke5 Kf7 53. g4 b5 54. axb5 axb5 55. g5 Bd8 56. g6+ 1-0

[Event "Skakligaen 2024-25"]
[Site "Denmark"]
[Date "2025.03.02"]
[Round "7.1"]
[White "Sahl, Bjarke"]
[Black "Hector, Jonny"]
[Result "0-1"]
[WhiteElo "2243"]
[BlackElo "2418"]
[EventDate "2024.11.02"]
[EventType "team-tourn"]
[EventRounds "9"]
[EventCountry "DEN"]
[SourceTitle "Holdskaksystemet"]
[WhiteTeam "BMS"]
[BlackTeam "Nordkalotten"]
[WhiteTeamCountry "DEN"]
[BlackTeamCountry "DEN"]

1. c4 e5 2. Nc3 Bb4 3. Nf3 Bxc3 4. dxc3 d6 5. g3 Nc6 6. e4 Nge7 7. Nh4 Be6 8. Be3 Qd7 9. Qa4 O-O 10. Rd1 b6 11. f3 a6 12. Qc2 b5 13. cxb5 axb5 14. Bxb5 Rxa2 15. O-O Rb8 16. c4 Qc8 17. Ra1 Rba8 18. Rxa2 Rxa2 19. Qc3 Qa8 20. c5 d5 21. Bxc6 Nxc6 22. exd5 Bxd5 23. Rd1 Be6 24. f4 Bg4 25. Re1 h6 26. fxe5 Ne7 27. e6 Bxe6 28. Qe5 Nc6 29. Qc3 Qb8 30. Bc1 Qb4 31. Nf3 Qxc3 32. bxc3 Bd5 33. Nd4 Nxd4 34. cxd4 Rg2+ 35. Kf1 Rxh2 36. c6 Rc2 37. Bf4 Rxc6 38. Rc1 Rf6  0-1

[Event "Skakligaen 2024-25"]
[Site "Denmark"]
[Date "2025.03.02"]
[Round "7.2"]
[White "Jepson, Christian"]
[Black "Vesterli, Michael E"]
[Result "1-0"]
[WhiteElo "2401"]
[BlackElo "2199"]
[EventDate "2024.11.02"]
[EventType "team-tourn"]
[EventRounds "9"]
[EventCountry "DEN"]
[SourceTitle "Holdskaksystemet"]
[WhiteTeam "Nordkalotten"]
[BlackTeam "BMS"]
[WhiteTeamCountry "DEN"]
[BlackTeamCountry "DEN"]

1. Nf3 Nf6 2. c4 g6 3. Nc3 Bg7 4. e4 d6 5. d4 O-O 6. Be2 e5 7. d5 Nbd7 8. O-O Nc5 9. Qc2 a5 10. Bg5 h6 11. Be3 Ne8 12. g3 f5 13. Nh4 f4 14. Bxc5 dxc5 15. Nxg6 f3 16. Bd1 Rf7 17. Nh4 Bg4 18. Qd3 Qf6 19. Nb1 Ra6 20. Nd2 Bh3 21. Bxf3 Bxf1 22. Rxf1 Nd6 23. Bg4 Rf8 24. a4 Qg5 25. Be6+ Kh8 26. f4 Qh5 27. Ndf3 Kh7 28. g4 Qe8 29. fxe5 Nf7 30. Ng6 Kxg6 31. Bf5#  1-0

[Event "Skakligaen 2024-25"]
[Site "Denmark"]
[Date "2025.03.02"]
[Round "7.3"]
[White "Akdag, Dara Sevkan"]
[Black "Brynell, Stellan"]
[Result "0-1"]
[WhiteElo "2154"]
[BlackElo "2388"]
[EventDate "2024.11.02"]
[EventType "team-tourn"]
[EventRounds "9"]
[EventCountry "DEN"]
[SourceTitle "Holdskaksystemet"]
[WhiteTeam "BMS"]
[BlackTeam "Nordkalotten"]
[WhiteTeamCountry "DEN"]
[BlackTeamCountry "DEN"]

1. Nf3 Nf6 2. c4 b6 3. g3 c5 4. Bg2 Bb7 5. O-O g6 6. b3 Bg7 7. Bb2 O-O 8. d3 Nc6 9. e4 d6 10. Nc3 Nd7 11. Qd2 Nde5 12. Rae1 Nxf3+ 13. Bxf3 a6 14. h4 b5 15. h5 b4 16. Nd5 Bxb2 17. Qxb2 Nd4 18. Kg2 e6 19. Nf4 e5 20. Nd5 Bxd5 21. exd5 Qg5 22. Bd1 f5 23. f4 exf4 24. Rxf4 Rae8 25. Qf2 Rxe1 26. Qxe1 Kg7 27. Qe3 Qf6 28. hxg6 hxg6 29. Rf1 g5 30. Bh5 Rh8 31. g4 Rf8 32. Re1 fxg4 33. Qe7+ Qxe7 34. Rxe7+ Kf6 35. Rd7 Ke5 36. Bxg4 Kf4 37. Bh5 Nf5 38. Bf7 Ne3+ 39. Kg1 g4 40. Re7 Kf3 41. Bg6 Nc2 42. Re6 Kg3 43. Re2 Nd4 44. Rg2+ Kf4 45. Bh5 g3 46. Bd1 Re8 47. Kf1 Nf5 48. Rd2 Rh8  0-1

[Event "Skakligaen 2024-25"]
[Site "Denmark"]
[Date "2025.03.02"]
[Round "7.4"]
[White "Sylvan, Jacob"]
[Black "Haubro, Sigfred"]
[Result "1-0"]
[WhiteElo "2322"]
[BlackElo "2110"]
[EventDate "2024.11.02"]
[EventType "team-tourn"]
[EventRounds "9"]
[EventCountry "DEN"]
[SourceTitle "Holdskaksystemet"]
[WhiteTeam "Nordkalotten"]
[BlackTeam "BMS"]
[WhiteTeamCountry "DEN"]
[BlackTeamCountry "DEN"]

1. e4 d5 2. exd5 Qxd5 3. Nc3 Qa5 4. d4 c6 5. Bc4 Nf6 6. Bd2 Qc7 7. Nf3 Bf5 8. Qe2 e6 9. Nh4 Bg6 10. Nxg6 hxg6 11. O-O-O Be7 12. g3 Nbd7 13. Bf4 Qb6 14. d5 cxd5 15. Bxd5 Nc5 16. Bf3 Rc8 17. h4 a6 18. g4 Qb4 19. Be5 b5 20. Kb1 Qa5 21. g5 Nh5 22. Bxh5 Rxh5 23. Bxg7 Qc7 24. Ne4 Nxe4 25. Qxe4 Qc6 26. Rhe1 a5 27. c3 Qc5 28. Bd4 Qc7 29. Qd3 Qc6 30. Re4 b4 31. cxb4 axb4 32. Bg7 Rh7 33. Rc4 Rxg7 34. Rxc6 Rxc6 35. Qd7+  1-0

[Event "Skakligaen 2024-25"]
[Site "Denmark"]
[Date "2025.03.02"]
[Round "7.5"]
[White "Brorsen, Jacob Abildlund"]
[Black "Kristensen, Kaare Hove"]
[Result "0-1"]
[WhiteElo "2133"]
[BlackElo "2275"]
[EventDate "2024.11.02"]
[EventType "team-tourn"]
[EventRounds "9"]
[EventCountry "DEN"]
[SourceTitle "Holdskaksystemet"]
[WhiteTeam "BMS"]
[BlackTeam "Nordkalotten"]
[WhiteTeamCountry "DEN"]
[BlackTeamCountry "DEN"]

1. e4 c5 2. Nf3 d6 3. d4 cxd4 4. Nxd4 Nf6 5. Nc3 a6 6. h3 e6 7. Be3 Be7 8. g4 d5 9. exd5 Nxd5 10. Nxd5 Qxd5 11. Rg1 Nc6 12. Bg2 Qa5+ 13. c3 Nxd4 14. Qxd4 O-O 15. Qb6 Qa4 16. Qb3 Qd7 17. Bf3 a5 18. Rd1 Qc7 19. Kf1 a4 20. Qb6 Qc4+ 21. Kg2 Ra6 22. Qd4 Qxa2 23. Ra1 Qb3 24. Bd1 Qxb2 25. Bxa4 Bf6 26. Qc4 Qxc3 27. Rac1 Qxc4 28. Rxc4 b5 29. Bxb5 Bb7+ 30. Kg3 Ra3 31. Re1 Bd5 32. Ra4 Rc3 33. Rc1 Be5+ 34. Kh4 Rxc1 35. Bxc1 Rc8 36. Be3 h6 37. Ra7 g5+ 38. Kh5 Kg7 39. h4 Bf6 40. Bd3 Rh8 41. Rd7 Bf3 42. Bd4 gxh4 43. Bxf6+ Kxf6 44. Kxh4 Rg8 45. Rd4 e5 46. Rd6+ Ke7 47. Rxh6 Rxg4+ 48. Kh3 e4 49. Bb5 Rg2 50. Rh4 f6 51. Bc6 f5 52. Rh6 Rxf2 53. Kg3 Rf1 54. Kf4 Bg4+ 55. Ke5 e3 56. Rh7+ Kd8 57. Kd6 Rd1+ 58. Bd5 Rxd5+ 59. Kxd5 e2 60. Rh8+ Ke7 61. Rh7+ Kf6 62. Rh6+ Kg5 63. Re6 Bf3+ 64. Kd4 Be4  0-1

[Event "Skakligaen 2024-25"]
[Site "Denmark"]
[Date "2025.03.02"]
[Round "7.6"]
[White "Hove, Esben Kjems"]
[Black "Simonsen, Jesper"]
[Result "1/2-1/2"]
[WhiteElo "2291"]
[BlackElo "2085"]
[EventDate "2024.11.02"]
[EventType "team-tourn"]
[EventRounds "9"]
[EventCountry "DEN"]
[SourceTitle "Holdskaksystemet"]
[WhiteTeam "Nordkalotten"]
[BlackTeam "BMS"]
[WhiteTeamCountry "DEN"]
[BlackTeamCountry "DEN"]

1. c4 c5 2. Nc3 Nc6 3. g3 g6 4. Bg2 Bg7 5. Nf3 d6 6. O-O e6 7. d3 Nge7 8. Bd2 O-O 9. a3 Rb8 10. Rb1 a5 11. Nb5 b6 12. b4 axb4 13. axb4 Nxb4 14. Bxb4 cxb4 15. Rxb4 Bb7 16. Qd2 d5 17. cxd5 Nxd5 18. Rb3 Nc7 19. Qb4 Bd5 20. Rbb1 Nxb5 21. Qxb5 Qd6 22. Nd2 Bc3 23. Bxd5 Bxd2 24. Bf3 Rfc8 25. Qa6 Rc5 26. Rb5 Rxb5 27. Qxb5 Rc8 28. Qa6 Qc7 29. d4 Rd8 30. e3 Ba5 31. Rd1 Qc2 32. Kg2 Qc8 33. Qb5 Qc3 34. h4 h5 35. Bxh5 Rd5 36. Qe8+ Kg7 37. Bf3 Rf5 38. Be4 Rf6 39. Qb5 Qb4 40. Qe5 Qb2 41. Rf1 Qe2 42. h5 Qxh5 43. Qxh5 gxh5 44. Rb1 Rh6 45. Kh3 Rf6 46. Rb2 Be1 47. f4 Ba5 48. Bf3 Rh6 49. Kh4 Be1 50. Bxh5 Bxg3+ 51. Kxg3 Rxh5 52. Rxb6 Rh1 53. Kf3 Ra1 54. Ke4 Ra5 55. Rc6 f5+ 56. Kd3 Ra3+ 57. Rc3 Ra6 58. Kc4 Rc6+ 59. Kb4 Rd6 60. Kc5 Rd8 61. Kb6 Kf6 62. Rc5 Rb8+ 63. Kc7 Rb3 64. Re5 Ra3 65. Kd6 Ra6+ 66. Kc5 Ra3 67. d5 exd5 68. Kxd5  1/2-1/2

[Event "Skakligaen 2024-25"]
[Site "Denmark"]
[Date "2025.03.02"]
[Round "7.7"]
[White "Madsen, Egon Bech"]
[Black "Jakobsen, Peter"]
[Result "1/2-1/2"]
[WhiteElo "1947"]
[BlackElo "2188"]
[EventDate "2024.11.02"]
[EventType "team-tourn"]
[EventRounds "9"]
[EventCountry "DEN"]
[SourceTitle "Holdskaksystemet"]
[WhiteTeam "BMS"]
[BlackTeam "Nordkalotten"]
[WhiteTeamCountry "DEN"]
[BlackTeamCountry "DEN"]

1. e4 c5 2. Nc3 Nc6 3. g3 g6 4. d3 Bg7 5. Be3 d6 6. Qd2 b5 7. Bg2 Rb8 8. h4 b4 9. Nd1 h5 10. Nh3 Bd7 11. O-O e6 12. Re1 Nge7 13. c3 bxc3 14. bxc3 Qa5 15. Rc1 O-O 16. Bh6 Ne5 17. Bxg7 Kxg7 18. Ne3 Bb5 19. Nf4 N7c6 20. Re2 Qa6 21. d4 Bxe2 22. dxe5 Bb5 23. Nxh5+ gxh5 24. Nf5+ exf5 25. Qg5+  1/2-1/2

[Event "Skakligaen 2024-25"]
[Site "Denmark"]
[Date "2025.03.02"]
[Round "7.8"]
[White "Ejsing, Esben"]
[Black "Larsen, Anders Otto"]
[Result "1-0"]
[WhiteElo "2125"]
[BlackElo "1821"]
[EventDate "2024.11.02"]
[EventType "team-tourn"]
[EventRounds "9"]
[EventCountry "DEN"]
[SourceTitle "Holdskaksystemet"]
[WhiteTeam "Nordkalotten"]
[BlackTeam "BMS"]
[WhiteTeamCountry "DEN"]
[BlackTeamCountry "DEN"]

1. e4 c6 2. d4 d5 3. exd5 cxd5 4. Bd3 Nf6 5. h3 e6 6. Nf3 Be7 7. O-O Nc6 8. c3 O-O 9. Re1 h6 10. Nbd2 Qc7 11. Ne5 Bd6 12. f4 Ne7 13. Nf1 Bd7 14. g4 Nh7 15. Bd2 f5 16. Qe2 Bxe5 17. dxe5 Bc6 18. Ng3 Rae8 19. gxf5 Nxf5 20. Nxf5 exf5 21. Qf2 a6 22. Be3 Re6 23. Kh2 g5 24. Rg1 Rg6 25. Bd4 Qf7 26. Rg2 Qe6 27. Be2 Rg7 28. Rag1 Bd7 29. b3 Kh8 30. h4 g4 31. Kg3 h5 32. Qe3 Rc8 33. Bd3 Rf7 34. Bb1 Nf8 35. Re1 Kh7 36. Rh2 Ng6 37. b4 Bc6 38. Bc5 Nf8 39. Bc2 Nd7 40. Bd6 Nf8 41. a4 Ng6 42. Qd3 Rd8 43. Qe3 Ne7 44. Rd2 Nc8 45. Bc5 Re8 46. Red1 Kg6 47. Bb3 Rd7 48. b5 axb5 49. axb5 Bxb5 50. Bxd5 Qa6 51. e6 Rxd5 52. Rxd5 Rxe6 53. Re5 Bc4 54. Rd8 Rxe5 55. fxe5 Qc6 56. Qg5+ Kf7 57. Qg8#  1-0

[Event "Skakligaen 2024-25"]
[Site "Denmark"]
[Date "2025.03.02"]
[Round "7.1"]
[White "Pantzar, Milton"]
[Black "Hillarp Persson, Tiger"]
[Result "1-0"]
[WhiteElo "2463"]
[BlackElo "2458"]
[EventDate "2024.11.02"]
[EventType "team-tourn"]
[EventRounds "9"]
[EventCountry "DEN"]
[SourceTitle "Holdskaksystemet"]
[WhiteTeam "Koge"]
[BlackTeam "Bronshoj"]
[WhiteTeamCountry "DEN"]
[BlackTeamCountry "DEN"]

1. d4 Nf6 2. Nf3 g6 3. Nbd2 d5 4. e3 Bg7 5. b3 c5 6. Bb2 cxd4 7. exd4 Nc6 8.
Bd3 Nb4 9. O-O Nxd3 10. cxd3 Bg4 11. Re1 O-O 12. h3 Bxf3 13. Nxf3 e6 14. a4 Rc8
15. b4 Ne8 16. Qd2 Nd6 17. b5 Nf5 18. a5 Re8 19. a6 Qb6 20. Reb1 Rb8 21. Ne5
bxa6 22. Nd7 Qxb5 23. Nxb8 Rxb8 24. Qc2 Qd7 25. Rxa6 Nxd4 26. Bxd4 Rxb1+ 27.
Qxb1 Bxd4 28. Qb8+ Kg7 29. Qf4 Bb6 30. Qe5+ f6 31. Qe2 Qc8 32. Ra1 Qc3 33. Rb1
e5 34. g3 h5 35. h4 e4 36. Kg2 f5 37. dxe4 dxe4 38. Rd1 Qc6 39. Qb2+ Kf7 40.
Qb3+ Kg7 41. Qb2+ Kf7 42. Kh2 Qe6 43. Qh8 Bxf2 44. Rd8 Bxg3+ 45. Kh1 Qc6 46.
Rf8+ Ke6 47. Rf6+  1-0

[Event "Skakligaen 2024-25"]
[Site "Denmark"]
[Date "2025.03.02"]
[Round "7.2"]
[White "Vasli, Aref"]
[Black "Smith, Axel"]
[Result "0-1"]
[WhiteElo "2392"]
[BlackElo "2428"]
[EventDate "2024.11.02"]
[EventType "team-tourn"]
[EventRounds "9"]
[EventCountry "DEN"]
[SourceTitle "Holdskaksystemet"]
[WhiteTeam "Bronshoj"]
[BlackTeam "Koge"]
[WhiteTeamCountry "DEN"]
[BlackTeamCountry "DEN"]

1. e4 e6 2. d4 d5 3. Nc3 Nf6 4. Bg5 dxe4 5. Nxe4 Be7 6. Bxf6 gxf6 7. Qd2 a6 8.
g3 Nc6 9. Ne2 e5 10. d5 Nd4 11. Bg2 Bh3 12. O-O Bxg2 13. Kxg2 Qxd5 14. Nxd4
exd4 15. f3 O-O-O 16. Rfe1 h5 17. Nf2 Bf8 18. Qf4 Qg5 19. Qxg5 fxg5 20. Re5 f6
21. Re6 Bg7 22. Rd1 Rhe8 23. Rxe8 Rxe8 24. Rxd4 f5 25. Rb4 Re2 26. c3 Bf8 27.
Kf1 Rc2 28. Ra4 Rxb2 29. h4 g4 30. fxg4 fxg4 31. Ne4 c5 32. Nf6 Bg7 33. Nxh5
Bxc3 34. Rxg4 Rxa2 35. Nf4 b5 36. Rg5 c4 37. Nd5 Bd4 38. h5 Rh2 39. g4 Kb7 40.
Nb4 Bc3 41. Nd5 Bd4 42. Nb4 Rb2 43. Rd5 Rxb4 44. Rxd4 c3  0-1

[Event "Skakligaen 2024-25"]
[Site "Denmark"]
[Date "2025.03.02"]
[Round "7.3"]
[White "Meskenas, Paulius"]
[Black "Falkesgaard, Jeppe Hald"]
[Result "0-1"]
[WhiteElo "2148"]
[BlackElo "2287"]
[EventDate "2024.11.02"]
[EventType "team-tourn"]
[EventRounds "9"]
[EventCountry "DEN"]
[SourceTitle "Holdskaksystemet"]
[WhiteTeam "Koge"]
[BlackTeam "Bronshoj"]
[WhiteTeamCountry "DEN"]
[BlackTeamCountry "DEN"]

1. e4 c5 2. c3 Nf6 3. e5 Nd5 4. d4 cxd4 5. Nf3 Nc6 6. cxd4 d6 7. Bc4 Nb6 8. Bb5
Bd7 9. Nc3 dxe5 10. dxe5 a6 11. Be2 g6 12. Be3 Bg7 13. O-O O-O 14. Qb3 Nc8 15.
Qxb7 Rb8 16. Qxa6 Nxe5 17. Nxe5 Bxe5 18. f4 Bg7 19. Qa3 Nd6 20. Rfc1 Bc6 21. b4
Nf5 22. Rd1 Qc7 23. Bf2 Qxf4 24. b5 Bb7 25. Rac1 Bd4 26. Bxd4 Nxd4 27. Qb2 Qe3+
28. Kh1 Qf2 29. Rg1 Rbc8 30. Nd1 Qxe2 31. Rxc8 Bxg2+ 32. Rxg2 Qxd1+  0-1

[Event "Skakligaen 2024-25"]
[Site "Denmark"]
[Date "2025.03.02"]
[Round "7.4"]
[White "Hoi, Carsten"]
[Black "Jorgensen, Brian"]
[Result "1/2-1/2"]
[WhiteElo "2291"]
[BlackElo "2246"]
[EventDate "2024.11.02"]
[EventType "team-tourn"]
[EventRounds "9"]
[EventCountry "DEN"]
[SourceTitle "Holdskaksystemet"]
[WhiteTeam "Bronshoj"]
[BlackTeam "Koge"]
[WhiteTeamCountry "DEN"]
[BlackTeamCountry "DEN"]

1. d4 d5 2. c4 e6 3. Nc3 c5 4. e3 Nf6 5. Nf3 Nc6 6. cxd5 exd5 7. Bb5 Bd6 8.
dxc5 Bxc5 9. O-O O-O 10. b3 a6 11. Bxc6 bxc6 12. Bb2 Re8 13. Ne2 Ne4 14. Rc1
Qb6 15. Nfd4 Bb7 16. Nf5 Bf8 17. Nf4 g6 18. Ng3 Nxg3 19. hxg3 Re4 20. Qd2 Rd8
21. Qc3 d4 22. exd4 Bg7 23. Qc2 Rde8 24. Rfd1 h5 25. Qc4 h4 26. Kh2 hxg3+ 27.
fxg3 Qc7 28. Rf1 g5 29. Nh3 c5 30. Rc2 Rg4 31. Qd3 Be4 32. Qe3 Bc6 33. Qf2 Bb5
34. Rxc5 Qd7 35. Re1 Rxe1 36. Qxe1 f6 37. Nf2 Rxg3 38. Kxg3 Qd6+ 39. Re5 fxe5
40. dxe5 Qh6 41. Qe4 Bc6 42. Qc4+ Kh8 43. a4 Qh4+ 44. Qxh4+ gxh4+ 45. Kxh4 Bxg2
46. b4 Bc6 47. a5 Kg8 48. Bc3 Bf8 49. Nd3 Kf7 50. Kg5 Be4 51. Nf4 Be7+ 52. Kg4
Bf8 53. Ne2 Ke6 54. Nf4+ Kd7 55. e6+ Kc6 56. Kg5 Be7+ 57. Kh6 Bd6 58. Ng6 Kd5
59. e7 Bxe7  1/2-1/2

[Event "Skakligaen 2024-25"]
[Site "Denmark"]
[Date "2025.03.02"]
[Round "7.6"]
[White "Carstensen, Jacob"]
[Black "Nord, Alexander"]
[Result "1/2-1/2"]
[WhiteElo "2321"]
[BlackElo "2207"]
[EventDate "2024.11.02"]
[EventType "team-tourn"]
[EventRounds "9"]
[EventCountry "DEN"]
[SourceTitle "Holdskaksystemet"]
[WhiteTeam "Bronshoj"]
[BlackTeam "Koge"]
[WhiteTeamCountry "DEN"]
[BlackTeamCountry "DEN"]

1. d4 d5 2. c4 c6 3. Nc3 Nf6 4. Nf3 e6 5. e3 Nbd7 6. Bd3 dxc4 7. Bxc4 b5 8. Bd3
Bd6 9. O-O O-O 10. e4 e5 11. Bg5 exd4 12. Nxd4 Ne5 13. Bc2 Re8 14. Nf5 Bxf5 15.
exf5 Nc4 16. Qf3 h6 17. Bc1 Qc7 18. b3 Bxh2+ 19. Kh1 Be5 20. bxc4 b4 21. Bb2
bxc3 22. Bxc3 Bxc3 23. Qxc3 Re2 24. g3 c5 25. Bd1 Re5 26. Bf3 Rb8 27. Rab1 Rxf5
28. Qd3 Re5 29. Rxb8+ Qxb8 30. Rb1 Qe8 31. Rb7 Re7 32. Rb5 Qc8 33. Kg2 h5 34.
Qd6 Qc7 35. Qxc5 h4 36. gxh4 Qd8 37. Rb7 Re1 38. Rxa7 Qd3 39. Qc8+ Kh7 40. Ra8
Qf1+ 41. Kg3 Qg1+ 42. Kh3 Qf1+ 43. Kg3 Qg1+ 44. Kh3 Qf1+  1/2-1/2

[Event "Skakligaen 2024-25"]
[Site "Denmark"]
[Date "2025.03.02"]
[Round "7.7"]
[White "Bazilius, Augustinas"]
[Black "Thuesen, Mogens Henrik"]
[Result "1-0"]
[WhiteElo "2199"]
[BlackElo "2205"]
[EventDate "2024.11.02"]
[EventType "team-tourn"]
[EventRounds "9"]
[EventCountry "DEN"]
[SourceTitle "Holdskaksystemet"]
[WhiteTeam "Koge"]
[BlackTeam "Bronshoj"]
[WhiteTeamCountry "DEN"]
[BlackTeamCountry "DEN"]

1. d4 Nf6 2. c4 e6 3. Nf3 c5 4. d5 exd5 5. cxd5 d6 6. Nc3 g6 7. Bf4 a6 8. e4
Bg7 9. a4 Bg4 10. Be2 Bxf3 11. Bxf3 Qe7 12. O-O Nbd7 13. Qc2 O-O 14. Rab1 Ne5
15. Be2 Nfd7 16. Bg3 g5 17. Nd1 Ng6 18. Ne3 Be5 19. Nf5 Qf6 20. Bg4 Rfd8 21. b4
cxb4 22. Rxb4 Rac8 23. Qb1 Rc3 24. Rxb7 Nh4 25. f4 Bd4+ 26. Nxd4 Qxd4+ 27. Bf2
Qxa4 28. Bxd7 Rxd7 29. Rb8+ Kg7 30. fxg5 Ng6 31. Rb4 Qc2 32. Bd4+ Ne5 33. Bxc3
Qxc3 34. Kh1 Rc7 35. Rb3 Qc4 36. Rh3 Rb7 37. Qe1 Rb4 38. Qf2 Qxe4 39. Qf6+ Kg8
40. g6 Qxg6 41. Rg3 Rg4 42. Rxg4 Nxg4 43. Qd8+ Kg7 44. Qc8 a5 45. Qc3+ Kg8 46.
h3 Ne5 47. Qxa5 Qd3 48. Qd8+ Kg7 49. Qf6+ Kg8 50. Rc1 Qa6 51. Rb1 Nd7 52. Qg5+
 1-0

[Event "Skakligaen 2024-25"]
[Site "Denmark"]
[Date "2025.03.02"]
[Round "7.8"]
[White "Andreasen, Henrik"]
[Black "Henriksen, Kasper"]
[Result "1-0"]
[WhiteElo "2186"]
[BlackElo "2126"]
[EventDate "2024.11.02"]
[EventType "team-tourn"]
[EventRounds "9"]
[EventCountry "DEN"]
[SourceTitle "Holdskaksystemet"]
[WhiteTeam "Bronshoj"]
[BlackTeam "Koge"]
[WhiteTeamCountry "DEN"]
[BlackTeamCountry "DEN"]

1. d4 Nf6 2. c4 e6 3. Nc3 d5 4. Nf3 Be7 5. Qc2 O-O 6. Bg5 b6 7. Rd1 Bb7 8. e3
Nbd7 9. Bd3 dxc4 10. Bxc4 Nd5 11. Bxe7 Qxe7 12. O-O Nxc3 13. bxc3 Nf6 14. Bd3
c5 15. Qe2 Ne4 16. Rc1 Rac8 17. Qb2 Rfd8 18. Qa3 Ba8 19. Rfd1 Kf8 20. Qb2 h6
21. Qb1 Nf6 22. Ne5 Kg8 23. Be2 cxd4 24. cxd4 Qa3 25. Nc4 Qa6 26. Qb2 Bd5 27.
Na3 Qb7 28. Bf1 Rxc1 29. Rxc1 Rc8 30. Rc2 Be4 31. Rc3 Nd5 32. Rxc8+ Qxc8 33.
Nb5 a5 34. Nd6 Qc2 35. Qb5 Bg6 36. Qe8+ Kh7 37. Nxf7 Bxf7 38. Qxf7 Qxa2 39.
Bd3+  1-0